| 000 | 00824nam a2200205Ia 4500 | ||
|---|---|---|---|
| 001 | 14855 | ||
| 003 | GE_BSU | ||
| 008 | 181216s||||||||xx |||||||||||||| ||und|| | ||
| 040 | _cGE_BSU | ||
| 080 | _a515.12 | ||
| 100 | _aБурбаки,Н. | ||
| 245 | _aОбщая топология. Топологические группы. Числа связанные с ними группы и пространства | ||
| 245 | _cПод.ред.О.А.Олейник. Пер. с франц. издания С.Н. Крачковского | ||
| 260 | _aМосква | ||
| 260 | _bНаука | ||
| 260 | _c1969 | ||
| 300 | _a390стр.22см. | ||
| 653 | _aОбщая топология. Топологические группы. Числа связанные с ними группы и пространства | ||
| 942 | _cBK | ||
| 999 |
_c47977 _d47977 |
||